00553nam a2200133Ia 4500008004100000020002200041100002500063245011900088260004200207300002700249650001600276999001900292952010800311200922s9999 xx 000 0 und d a978-621-409-107-2 aDe Viana, Augusto V. cAugusto V. De Viana, Ma. Venice M. PicadizoaPahiwatig:ba guide for understanding readings in Philippine history/ aManila:bBooks Atbp. Publishingc2018 axii, 359 pagesc25 cm. aPhilippines c364420d364420 001040aCLbCLcFILd2020-09-22eCLl0oDS 668 .D492 2018pC22506r2020-09-22 00:00:00w2020-09-22yBK